| 000 | cam a22 7a 4500 | ||
|---|---|---|---|
| 999 |
_c7140 _d7140 |
||
| 003 | OSt | ||
| 005 | 20180606165535.0 | ||
| 008 | 180606e201812 spca||| |||| 0|0 0 cat|d | ||
| 017 |
_aDL B 6438-2018 _bBiblioteca de Catalunya |
||
| 020 | _a9788416930760 | ||
| 040 |
_aES-BaUAB _bcat _cCDMR |
||
| 100 | 1 | _aSallés, Quico, | |
| 245 | 1 | 0 |
_aOn eres l'1-O? _b: de l'orgull a la indignació / _cQuico Sallés |
| 260 |
_aBarcelona : _bRosa dels Vents, _c2018 |
||
| 300 |
_a142 pàgines : _bil·lustracions ; _c20 cm |
||
| 650 | 4 |
_aReferèndum _zCatalunya _y2017 |
|
| 650 | 7 |
_aIndependència _zCatalunya _xHistòria _yS. XXI _2lemac |
|
| 942 | _cMON | ||